[Event "GER-chT U16"]
[Site "Darmstadt"]
[Date "2022.12.29"]
[Round "6"]
[White "Liestmann, Marius"]
[Black "Karpen, Jakob"]
[Result "1-0"]
[WhiteElo "1292"]
[BlackElo "1345"]
[PlyCount "59"]
[EventDate "2022.12.26"]
[EventType "team-swiss"]
[EventRounds "7"]
[EventCountry "GER"]
[SourceTitle "CBM 212 Extra"]
[Source "ChessBase"]
[SourceDate "2023.03.31"]
[SourceVersion "1"]
[SourceVersionDate "2023.03.31"]
[SourceQuality "1"]
[WhiteTeam "Guettingen Rochade"]
[BlackTeam "Vaterstetten Grasbrunn"]
[WhiteTeamCountry "GER"]
[BlackTeamCountry "GER"]

1. e4 e5 2. f4 Nc6 3. Nf3 Be7 4. Bc4 d6 5. 0-0 Nf6 6. Nc3 Bg4 7. d3 Qd7 8. h3 Bxf3 9. Qxf3 Nd4 10. Qf2 Rf8 11. Be3 Nc6 12. Rae1 0-0-0 13. Bxa7 exf4 14. Bb5 g5 15. d4 d5 16. exd5 Nxd5 17. Nxd5 Qxd5 18. Bxc6 Qxc6 19. Rxe7 b6 20. Qe2 Kb7 21. Bxb6 Qxb6 22. Rf3 Qxd4+ 23. Kh2 Rd6 24. Rb3+ Rb6 25. Qf3+ Kb8 26. Ra3 c6 27. Ra8+ Kxa8 28. Qa3+ Kb8 29. Qa7+ Kc8 30. Qc7# 1-0

[Event "GER-chT U12"]
[Site "Magdeburg"]
[Date "2017.12.27"]
[Round "2.4"]
[White "Schiffner, Robin"]
[Black "Karpen, Jakob"]
[Result "1-0"]
[WhiteElo "1307"]
[BlackElo "1118"]
[PlyCount "135"]
[EventDate "2017.12.26"]
[EventType "team-swiss"]
[EventRounds "7"]
[EventCountry "GER"]
[SourceTitle "CBM 182 Extra"]
[Source "ChessBase"]
[SourceDate "2018.02.23"]
[SourceVersion "1"]
[SourceVersionDate "2018.02.23"]
[SourceQuality "1"]
[WhiteTeam "Magdeburg USC"]
[BlackTeam "Vaterstetten"]
[WhiteTeamCountry "GER"]
[BlackTeamCountry "GER"]

1. e4 e5 2. Nf3 Nc6 3. Bb5 a6 4. Ba4 Nf6 5. d3 Bc5 6. c3 0-0 7. 0-0 d5 8. Bxc6 bxc6 9. Nxe5 Re8 10. d4 dxe4 11. Nxc6 Qd7 12. Ne5 Qf5 13. Be3 Bb7 14. Nd2 Rad8 15. Qb3 Bd5 16. Qa4 Rd6 17. dxc5 Rde6 18. Nec4 Ng4 19. h3 Ne5 20. Nxe5 Qxe5 21. Bd4 Qg5 22. Be3 Qg6 23. Nb3 f5 24. Nd4 Rf6 25. Qd7 Ba8 26. Ne2 Ref8 27. Nf4 R8f7 28. Nxg6 Rxd7 29. Nf4 g5 30. Ne2 f4 31. Bd4 Rf5 32. g4 fxg3 33. Nxg3 Rf4 34. Rad1 Rh4 35. Kh2 g4 36. Kg1 gxh3 37. Kh2 Bb7 38. Bf6 Rxd1 39. Rxd1 Rf4 40. Bd4 Rh4 41. Re1 Kf7 42. Re3 Kg6 43. Ne2 Kh5 44. Rxh3 Bd5 45. Rxh4+ Kxh4 46. a3 Kg4 47. Be5 c6 48. Nd4 h5 49. Nc2 Kf3 50. Bd4 a5 51. a4 Bb3 52. Na3 Ke2 53. c4 Bxa4 54. Kg1 Kd3 55. Bc3 e3 56. fxe3 Kxe3 57. Bxa5 Kf3 58. Kh2 Kg4 59. b4 Kf5 60. b5 cxb5 61. cxb5 Ke6 62. b6 Bc6 63. Be1 Kd5 64. Bf2 Ke4 65. Nc4 Kd3 66. Na5 Ba8 67. b7 Bxb7 68. Nxb7 1-0